[Event "DRUZYNOWE MISTRZOSTWA POLSKI 2014 - SYGNITY EKSTRALIGA"]
[Site "Gorzow Wlkp, Wroclaw, Katowice"]
[Date "2014-00-00"]
[Round "5.29"]
[White "Sadzikowski, Daniel"]
[Black "Jedynak, Radoslaw"]
[Result "1/2-1/2"]
[WhiteTitle "IM"]
[BlackTitle "GM"]
[WhiteElo "2496"]
[BlackElo "2453"]

1. c4 e6 2. Nc3 b6 3. Nf3 Bb7 4. g3 Nf6 5. Bg2 Be7 6. O-O O-O 7. d4 Ne4 8. Bd2
d6 9. d5 Nxd2 10. Qxd2 e5 11. e4 Nd7 12. Ne1 Bf6 13. Nd3 Nc5 14. b4 Nxd3 15. Qxd3
a5 16. a3 Qe7 17. Rfb1 Ra6 18. Bf1 Rfa8 19. Qd1 axb4 20. axb4 Rxa1 21. Rxa1 Qd8
22. Bh3 g6 23. Ra4 Bg5 24. Qa1 Bd2 25. Rxa8 Qxa8 26. Qxa8+ Bxa8 27. Na2 c5 28.
bxc5 bxc5 29. Bc8 Kf8 30. Kf1 Ke7 31. Ke2 Ba5 32. f4 exf4 33. gxf4 f6 34. Nc1
g5 35. Nd3 h5 36. e5 dxe5 37. fxe5 fxe5 38. Nxc5 Bb6 39. Ne4 g4 40. Kf1 Kd8 41.
Ba6 Be3 42. Kg2 Kc7 43. Bb5 Bb7 44. Nf6 Kb6 45. Nd7+ Ka5 46. Bc6 Bxc6 47. dxc6
Ka6 48. c5 Bg5 49. Nxe5 Bf4 50. Nd3 Bb8 51. Nb4+ Kb5 52. Nd5 Kxc6 53. Nf6 1/2-1/2

[Event "DRUZYNOWE MISTRZOSTWA POLSKI 2014 - SYGNITY EKSTRALIGA"]
[Site "Gorzow Wlkp, Wroclaw, Katowice"]
[Date "2014-00-00"]
[Round "5.30"]
[White "Przezdziecka, Ewa"]
[Black "Zawadzka, Jolanta"]
[Result "0-1"]
[WhiteTitle "WFM"]
[BlackTitle "WGM"]
[WhiteElo "2165"]
[BlackElo "2414"]

1. d4 Nf6 2. Nf3 g6 3. Bg5 Bg7 4. Nbd2 O-O 5. e4 d5 6. e5 Ne4 7. Bf4 c5 8. c3 Nc6
9. Bd3 Bf5 10. Qe2 Nxd2 11. Qxd2 Be4 12. Be3 cxd4 13. cxd4 Rc8 14. Bxe4 dxe4 15.
Ng5 Qd5 16. O-O Rfd8 17. Rfd1 f6 18. exf6 exf6 19. Nh3 g5 20. b3 h6 21. Rac1 f5
22. Rc5 Qxc5 23. dxc5 Rxd2 24. Bxd2 Rd8 25. Kf1 Rd5 26. Ng1 Rxc5 27. h4 Bf6 28.
hxg5 hxg5 29. Nh3 Rd5 30. Ke1 f4 31. g3 Rd3 32. Bc1 Bc3+ 33. Bd2 Rxd2 34. Rxd2
e3 35. gxf4 Bxd2+ 36. Kf1 g4 37. Ng5 exf2 0-1

[Event "DRUZYNOWE MISTRZOSTWA POLSKI 2014 - SYGNITY EKSTRALIGA"]
[Site "Gorzow Wlkp, Wroclaw, Katowice"]
[Date "2014-00-00"]
[Round "6.1"]
[White "Kempinski, Robert"]
[Black "Pakleza, Zbigniew"]
[Result "1-0"]
[WhiteTitle "GM"]
[BlackTitle "IM"]
[WhiteElo "2620"]
[BlackElo "2509"]

1. d4 d5 2. c4 c6 3. e3 Nf6 4. Nc3 g6 5. Nf3 Bg7 6. Bd3 O-O 7. O-O dxc4 8. Bxc4
Bg4 9. h3 Bxf3 10. Qxf3 Nbd7 11. Rd1 e5 12. Bb3 Qe7 13. Bd2 Rad8 14. a4 Rfe8 15.
a5 a6 16. Ra4 exd4 17. exd4 Nc5 18. dxc5 Rxd2 19. Rxd2 Qe1+ 20. Kh2 Qxd2 21. Rf4
Qxb2 22. Rb4 Qxc3 23. Qxc3 Ng4+ 24. hxg4 Bxc3 25. Rxb7 Rf8 26. Rb6 Bxa5 27. Rxa6
Be1 28. f3 Rb8 29. Ba2 Bf2 30. Rxc6 Rb2 31. Bd5 Rb5 32. Rc8+ Kg7 33. Rc7 Bxc5
34. Rxf7+ Kh8 35. Rd7 Rb6 36. Rd8+ Kg7 37. g5 h6 38. gxh6+ Kxh6 39. Be4 Be7 40.
Rd7 Bd6+ 41. Kh3 Kg5 42. Rf7 Be5 43. g3 Kh6 44. Kg4 Rb4 45. Kh4 Ra4 46. Kh3 Rb4
47. Rd7 Bf6 48. Rc7 Ra4 49. Bc2 Ra3 50. Be4 Ra4 51. Rc6 Kg7 52. Kg4 Rb4 53. Ra6
Rc4 54. Kf4 Rb4 55. g4 Rb5 56. Ke3 Rb3+ 57. Ke2 Rb2+ 58. Kd3 Rb5 59. f4 Rb3+ 60.
Kc4 Rc3+ 61. Kd5 g5 62. Ra7+ Kf8 63. Ke6 Bd4 64. Rd7 Rc4 65. Bd5 Ra4 66. fxg5
Ra6+ 67. Kf5 Ra1 68. Rf7+ Kg8 69. Kg6 Ra5 70. Rf5+ 1-0

[Event "DRUZYNOWE MISTRZOSTWA POLSKI 2014 - SYGNITY EKSTRALIGA"]
[Site "Gorzow Wlkp, Wroclaw, Katowice"]
[Date "2014-00-00"]
[Round "6.2"]
[White "Weichhold, Pawel"]
[Black "Markowski, Tomasz"]
[Result "1/2-1/2"]
[WhiteTitle "m"]
[BlackTitle "GM"]
[WhiteElo "2394"]
[BlackElo "2575"]

1. e4 c5 2. Nf3 e6 3. d4 cxd4 4. Nxd4 a6 5. Bd3 Nf6 6. O-O d6 7. Qe2 Be7 8. c4
Nc6 9. Nxc6 bxc6 10. Nc3 O-O 11. b3 Nd7 12. Na4 Ne5 13. Bf4 Nxd3 14. Qxd3 e5 15.
Be3 Be6 16. Rfd1 Qc7 17. Rac1 Qb7 18. c5 d5 19. exd5 Bxd5 20. Nb6 Rad8 21. Qf5
Qc7 22. Nxd5 cxd5 23. b4 g6 24. Qd3 Qc6 25. Qe2 Rfe8 26. Bd2 Bf6 27. a4 Qxa4 28.
Ra1 Qb5 29. Qxb5 axb5 30. Ra6 Be7 31. Ra7 d4 32. Rda1 Bf8 33. Bg5 Rb8 34. Kf1
h6 35. Bf6 Bg7 36. Bxg7 Kxg7 37. Ke2 e4 38. Rd7 Rbd8 39. Raa7 Kf6 40. Rxf7+ Ke6
41. c6 Kd5 42. c7 Rc8 43. Ra6 Kc4 44. Rc6+ Kxb4 45. Rd7 d3+ 46. Ke3 g5 47. Rxh6
Kc5 48. Rg6 Re5 1/2-1/2

[Event "DRUZYNOWE MISTRZOSTWA POLSKI 2014 - SYGNITY EKSTRALIGA"]
[Site "Gorzow Wlkp, Wroclaw, Katowice"]
[Date "2014-00-00"]
[Round "6.3"]
[White "Olszewski, Michal"]
[Black "Brodowski, Piotr"]
[Result "1/2-1/2"]
[WhiteTitle "GM"]
[BlackTitle "m"]
[WhiteElo "2549"]
[BlackElo "2428"]

1. e4 c5 2. Nf3 g6 3. d4 Bg7 4. Nc3 cxd4 5. Nxd4 Nc6 6. Be3 Nf6 7. Bc4 O-O 8. Bb3
a5 9. O-O a4 10. Nxa4 Nxe4 11. Nb5 d6 12. Qe2 Ra6 13. Rfd1 Na5 14. c4 Nxb3 15.
axb3 Nf6 16. h3 Bd7 17. Rac1 Bc6 18. Nac3 Bxb5 19. Nxb5 Qd7 20. b4 Ra4 21. Nc3
Rxb4 22. Bc5 Rb3 23. Qc2 Rxc3 24. bxc3 Qc6 25. Bd4 Qxc4 26. Rb1 Rb8 27. Rb4 Qc6
28. Qb3 Nd7 29. Ba7 Nc5 30. Qd5 Rc8 31. c4 Qxd5 32. Rxd5 Ne4 33. Be3 Nc3 34. Rd3
Bf6 35. Bh6 Rc7 36. Rd2 Bg7 37. Bxg7 Kxg7 38. f3 Kf6 39. Kf2 d5 40. Rd3 Na2 41.
Rb6+ Rc6 42. c5 Rxb6 43. cxb6 Ke5 44. Ra3 Nb4 45. Ra8 Kd6 46. Rc8 Nd3+ 47. Ke3
Ne5 48. g4 Nc4+ 49. Kd3 Nxb6 50. Rh8 g5 51. Rxh7 Nc4 52. Rg7 f6 53. Ke2 b5 54.
f4 gxf4 55. h4 b4 56. Rg8 b3 57. Rb8 b2 58. h5 Ke6 59. h6 Kf7 60. h7 b1=Q 61.
Rxb1 Kg7 62. Rb7 Kxh7 63. Rxe7+ Kg6 64. Kf3 f5 1/2-1/2

[Event "DRUZYNOWE MISTRZOSTWA POLSKI 2014 - SYGNITY EKSTRALIGA"]
[Site "Gorzow Wlkp, Wroclaw, Katowice"]
[Date "2014-00-00"]
[Round "6.4"]
[White "Czakon, Jakub"]
[Black "Szelag, Marcin"]
[Result "1-0"]
[WhiteTitle "IM"]
[BlackTitle "IM"]
[WhiteElo "2472"]
[BlackElo "2456"]

1. e4 c5 2. Nf3 d6 3. Bc4 Nf6 4. d3 Nc6 5. c3 e6 6. Bb3 Be7 7. Bg5 O-O 8. O-O h6
9. Bh4 b5 10. Re1 Bb7 11. Nbd2 Qb6 12. Bc2 Rfe8 13. Nf1 Rac8 14. Qd2 b4 15. Ne3
bxc3 16. bxc3 Ba6 17. Rab1 Qa5 18. Bb3 Qc7 19. h3 Rb8 20. Nc4 Nd7 21. Bxe7 Rxe7
22. d4 Na5 23. Nxa5 Qxa5 24. d5 e5 25. Nh4 Nf8 26. Nf5 Rd7 27. Bc2 Rxb1 28. Rxb1
Kh7 29. Bd1 Ng6 30. Bg4 Rd8 31. h4 Qc7 32. h5 Ne7 33. Qd1 Nxf5 34. Bxf5+ g6 35.
hxg6+ fxg6 36. Be6 Rb8 37. Rxb8 Qxb8 38. Qf3 h5 39. Qf7+ Kh6 40. Bf5 gxf5 41.
exf5 Kg5 42. Qg6+ Kf4 43. f6 Bd3 44. g3+ Kf3 45. Qxd3+ Kg4 46. Qg6+ Kf3 47. f7
Ke2 48. Qc2+ Ke1 49. Qc1+ Ke2 50. Qe3+ 1-0

[Event "DRUZYNOWE MISTRZOSTWA POLSKI 2014 - SYGNITY EKSTRALIGA"]
[Site "Gorzow Wlkp, Wroclaw, Katowice"]
[Date "2014-00-00"]
[Round "6.6"]
[White "Przezdziecka, Ewa"]
[Black "Chlost, Marlena"]
[Result "0-1"]
[WhiteTitle "WFM"]
[BlackTitle "WFM"]
[WhiteElo "2165"]
[BlackElo "2188"]

1. d4 Nf6 2. c4 g6 3. Nc3 d5 4. cxd5 Nxd5 5. Bd2 Bg7 6. e4 Nxc3 7. Bxc3 O-O 8.
Nf3 c5 9. d5 Bxc3+ 10. bxc3 Qa5 11. Qd2 Rd8 12. c4 Nc6 13. Bd3 Qxd2+ 14. Kxd2
Na5 15. Rab1 b6 16. Kc3 Bd7 17. h4 h6 18. Ne5 Be8 19. f4 f6 20. Ng4 Kg7 21. h5
gxh5 22. Ne3 Bg6 23. f5 Bf7 24. Be2 Nb7 25. Bxh5 Bxh5 26. Rxh5 Nd6 27. Kd3 Rh8
28. Ng4 Nf7 29. Nf2 Ne5+ 30. Kc3 Kf7 31. Rbh1 Rag8 32. g4 Nxg4 33. Nxg4 Rxg4 34.
Rxh6 Rxh6 35. Rxh6 Rxe4 36. Kd3 Rd4+ 37. Kc3 Rf4 38. Rh7+ Ke8 39. Rh8+ Kd7 40.
Ra8 Rf3+ 41. Kb2 Rxf5 42. Rxa7+ Kd6 43. Rb7 Ke5 44. Rxe7+ Kd4 45. d6 Kxc4 46.
Re6 Rd5 47. Rxf6 Kb5 48. Kc3 c4 49. Rf3 Kc5 50. d7 Rxd7 51. Rf5+ Rd5 52. Rf3 Rh5
53. Rg3 b5 54. a3 Kd5 55. Rf3 Ke4 56. Rg3 Kf4 57. Rg8 Rh3+ 58. Kb2 Rb3+ 59. Ka2
Re3 60. Rb8 Re2+ 61. Kb1 Re5 62. a4 Ke3 63. Kc2 b4 64. Rxb4 Kd4 65. Rb8 Re2+ 66.
Kd1 Rh2 67. Rg8 Kc3 68. Rg3+ Kb2 69. Rg8 Rh1+ 70. Ke2 c3 71. Rb8+ Kc1 72. a5 Rh2+
73. Ke1 Ra2 74. Rc8 c2 75. Rb8 Rxa5 76. Ke2 Re5+ 77. Kf2 Kd2 78. Rd8+ Kc3 79.
Rc8+ Kd3 80. Rc7 Re4 0-1

[Event "DRUZYNOWE MISTRZOSTWA POLSKI 2014 - SYGNITY EKSTRALIGA"]
[Site "Gorzow Wlkp, Wroclaw, Katowice"]
[Date "2014-00-00"]
[Round "6.7"]
[White "Krasenkow, Michal"]
[Black "Swiercz, Dariusz"]
[Result "1/2-1/2"]
[WhiteTitle "GM"]
[BlackTitle "GM"]
[WhiteElo "2631"]
[BlackElo "2614"]

1. d4 Nf6 2. c4 e6 3. Nf3 b6 4. a3 Bb7 5. Nc3 d5 6. cxd5 Nxd5 7. e3 g6 8. Bd3 Bg7
9. O-O O-O 10. Qe2 c5 11. Nxd5 exd5 12. b3 Nc6 13. Bb2 cxd4 14. Nxd4 Nxd4 15.
Bxd4 Bxd4 16. exd4 Re8 17. Qb2 Qd6 18. Rfe1 Bc6 19. b4 Bd7 20. Rac1 Rxe1+ 21.
Rxe1 Rc8 22. Rc1 Rc7 23. Rxc7 Qxc7 24. Qd2 Qc8 25. h4 Bf5 26. Bf1 h5 27. Qf4 a5
28. bxa5 bxa5 29. Kh2 Qf8 30. a4 Qe7 31. Bb5 Qe1 32. Bc6 Be6 33. Qf6 Qc3 34. Bb5
Qc7+ 35. Kg1 Qc1+ 36. Kh2 Qc7+ 37. Kg1 Qc1+ 38. Kh2 Qc7+ 1/2-1/2

[Event "DRUZYNOWE MISTRZOSTWA POLSKI 2014 - SYGNITY EKSTRALIGA"]
[Site "Gorzow Wlkp, Wroclaw, Katowice"]
[Date "2014-00-00"]
[Round "6.8"]
[White "Bartel, Mateusz"]
[Black "Piorun, Kacper"]
[Result "1-0"]
[WhiteTitle "GM"]
[BlackTitle "GM"]
[WhiteElo "2652"]
[BlackElo "2532"]

1. e4 c5 2. Nf3 e6 3. d4 cxd4 4. Nxd4 Nc6 5. Nc3 Qc7 6. g3 a6 7. Bg2 d6 8. Nxc6
bxc6 9. O-O e5 10. Na4 h5 11. c4 h4 12. c5 hxg3 13. hxg3 dxc5 14. Be3 Nf6 15.
Rc1 Rb8 16. b3 Rb5 17. Qc2 Ng4 18. Bxc5 Bxc5 19. Nxc5 Qd6 20. Rfd1 Qh6 21. Qd2
Qh2+ 22. Kf1 O-O 23. Nd7 Bxd7 24. Qxd7 f5 25. Qe6+ Kh7 26. Qe7 Rf6 27. Rd7 Qh6
28. Ke2 Re6 29. Qh4 Qxh4 30. gxh4 Rh6 31. exf5 e4 32. Re7 Nf6 33. Rxc6 Nd5 34.
Rxh6+ Kxh6 35. Rd7 Nf4+ 36. Kf1 Rc5 37. Rd1 Rc2 38. Bxe4 Rxa2 39. Bf3 Rb2 40.
Rd6+ Kh7 41. Rd4 Rb1+ 42. Bd1 Nh5 43. Ke1 Nf6 44. Kd2 Ra1 45. Ra4 1-0

[Event "DRUZYNOWE MISTRZOSTWA POLSKI 2014 - SYGNITY EKSTRALIGA"]
[Site "Gorzow Wlkp, Wroclaw, Katowice"]
[Date "2014-00-00"]
[Round "6.9"]
[White "Dragun, Kamil"]
[Black "Mastrovasilis, Dimitrios"]
[Result "1/2-1/2"]
[WhiteTitle "GM"]
[BlackTitle "GM"]
[WhiteElo "2546"]
[BlackElo "2605"]

1. d4 d5 2. c4 c6 3. Nf3 Nf6 4. e3 Bf5 5. Nc3 a6 6. Bd3 Bxd3 7. Qxd3 e6 8. O-O
Bb4 9. Bd2 O-O 10. a3 Bxc3 11. Bxc3 Nbd7 12. b3 Ne4 13. Bb4 Re8 14. Rfc1 a5 15.
Be1 a4 16. Rab1 axb3 17. Qxb3 Ra7 18. a4 Qa8 19. Ra1 Nd6 20. c5 Nc4 21. Nd2 Nxd2
22. Bxd2 e5 23. a5 Nf8 24. Qd3 Qc8 25. Rab1 Qe6 26. Re1 Qg6 27. Qxg6 hxg6 28.
Kf1 exd4 29. exd4 Rxe1+ 30. Bxe1 Ne6 31. Bc3 Nc7 32. Ke2 Nb5 33. Kd3 f6 34. Bd2
Kf7 35. h4 Ra8 36. f3 Rh8 37. g3 Re8 38. Ra1 Ra8 39. Rb1 Re8 40. Ra1 Ra8 41. Rb1
Re8 42. Ke4 1/2-1/2

[Event "DRUZYNOWE MISTRZOSTWA POLSKI 2014 - SYGNITY EKSTRALIGA"]
[Site "Gorzow Wlkp, Wroclaw, Katowice"]
[Date "2014-00-00"]
[Round "6.10"]
[White "Moranda, Wojciech"]
[Black "Przewoznik, Jan"]
[Result "1/2-1/2"]
[WhiteTitle "GM"]
[BlackTitle "IM"]
[WhiteElo "2593"]
[BlackElo "2383"]

1. d4 Nf6 2. c4 e6 3. Nc3 d5 4. cxd5 exd5 5. Bg5 Be7 6. e3 h6 7. Bh4 O-O 8. Bd3
c6 9. Qc2 Re8 10. Nge2 Nbd7 11. O-O Ne4 12. Bxe7 Qxe7 13. Rae1 Ndf6 14. Nd1 Bd7
15. f3 Ng5 16. Ng3 Qd6 17. Qf2 c5 18. dxc5 Qxc5 19. Nc3 Rad8 20. Re2 b5 21. Nb1
a5 22. Na3 Qb4 23. Nc2 Qxb2 24. Nd4 Qa3 25. Bxb5 Ne6 26. Ngf5 Nxd4 27. Nxd4 Bxb5
28. Nxb5 Qa4 29. Nd4 Re5 30. Rc2 Rde8 31. Rc3 Nd7 32. Rb1 Nf6 33. Qd2 h5 34. Rb5
h4 35. Kf2 h3 36. gxh3 Re4 37. Rb7 Rd8 38. Rcc7 Qe8 39. Kg2 Rxe3 40. Rxf7 Nh5
41. Kf2 Ra3 42. Rf5 Qg6 43. h4 Re8 44. Rg5 Rd3 45. Qc2 Qd6 46. Rbxg7+ Nxg7 47.
Rxg7+ Kf8 48. Qxd3 Qxh2+ 49. Rg2 Qxh4+ 50. Rg3 Qh2+ 51. Rg2 1/2-1/2

[Event "DRUZYNOWE MISTRZOSTWA POLSKI 2014 - SYGNITY EKSTRALIGA"]
[Site "Gorzow Wlkp, Wroclaw, Katowice"]
[Date "2014-00-00"]
[Round "6.11"]
[White "Klim, Kamil"]
[Black "Sadzikowski, Daniel"]
[Result "0-1"]
[WhiteTitle "m"]
[BlackTitle "IM"]
[WhiteElo "2316"]
[BlackElo "2496"]

1. e4 e5 2. Nf3 Nc6 3. Bb5 a6 4. Ba4 Nge7 5. O-O g6 6. c3 Bg7 7. d4 exd4 8. cxd4
b5 9. Bb3 O-O 10. Nc3 d6 11. h3 Bb7 12. a3 Na5 13. Ba2 c5 14. Bg5 h6 15. Bh4 cxd4
16. Nxd4 Rc8 17. Re1 g5 18. Bg3 Nc4 19. Bxc4 Rxc4 20. Nf3 Bxc3 21. bxc3 Rxe4 22.
Qxd6 Nf5 23. Qc5 Nxg3 24. fxg3 Rxe1+ 25. Rxe1 Bxf3 26. gxf3 Qf6 27. Kf2 Rd8 28.
Qe3 Rc8 29. Rc1 Rc4 30. Kg2 Kf8 31. Kf2 h5 32. Ke2 Rc6 33. Kf2 Kg7 34. Kg2 Rc4
35. Qd2 h4 36. gxh4 Rxh4 37. Qe3 Qf5 38. Rh1 Qc2+ 39. Kg3 Qf5 40. Kg2 Ra4 41.
Ra1 Qf6 42. Kh1 Qf4 43. Qf2 Rc4 44. Kg2 Rxc3 45. Re1 Qh4 46. Qd2 Rc2 47. Qxc2
Qxe1 48. Qd3 Qe5 49. Qd2 Qc5 50. Qa5 Qc2+ 51. Kg3 Qc1 52. Kg2 Qb2+ 53. Kg3 Qe5+
54. Kg2 Qe6 55. Qc3+ Kg6 56. Qc5 f6 57. Qc2+ Kh6 58. Qd2 Kh5 59. Qd3 f5 60. Qc2
Kh6 61. Qd2 Kg6 62. Qc2 a5 63. Qd2 Kh5 64. Qb2 b4 65. axb4 axb4 66. Qxb4 Qe2+
67. Kg1 Qxf3 68. Kh2 Qf2+ 69. Kh1 Qf1+ 70. Kh2 Qe2+ 71. Kg1 Qe3+ 72. Kh2 Qe5+
73. Kg2 Qe4+ 0-1

[Event "DRUZYNOWE MISTRZOSTWA POLSKI 2014 - SYGNITY EKSTRALIGA"]
[Site "Gorzow Wlkp, Wroclaw, Katowice"]
[Date "2014-00-00"]
[Round "6.12"]
[White "Zawadzka, Jolanta"]
[Black "Wisniowska, Klaudia"]
[Result "1-0"]
[WhiteTitle "WGM"]
[BlackTitle "WFM"]
[WhiteElo "2414"]
[BlackElo "2198"]

1. e4 c5 2. Nf3 Nc6 3. Bb5 d6 4. O-O Bd7 5. Re1 Nf6 6. h3 e6 7. c3 a6 8. Ba4 b5
9. Bc2 Be7 10. d4 e5 11. d5 Na5 12. Nbd2 c4 13. Nf1 O-O 14. Be3 Qc7 15. Ng3 g6
16. Nh2 Rfe8 17. f4 exf4 18. Bxf4 Rad8 19. Qf3 Bc8 20. Rf1 Rf8 21. Bh6 Nb7 22.
Nf5 Bxf5 23. exf5 Nc5 24. Bxf8 Rxf8 25. Rae1 Bd8 26. Ng4 Nxg4 27. Qxg4 Nd3 28.
Bxd3 cxd3 29. Kh1 Qc5 30. fxg6 hxg6 31. Qf3 d2 32. Re8 Qc7 33. Rxf8+ Kxf8 34.
Qf4 Kg7 35. Qd4+ Kg8 36. Qxd2 Qc4 37. Qd1 Qc7 38. Qd4 Qd7 39. b3 Bg5 40. c4 bxc4
41. Qxc4 a5 42. Qc6 Qe7 43. Qa8+ Kg7 44. Qxa5 Bf6 45. Qd2 Be5 46. a4 Qh4 47. Qf2
1-0

[Event "DRUZYNOWE MISTRZOSTWA POLSKI 2014 - SYGNITY EKSTRALIGA"]
[Site "Gorzow Wlkp, Wroclaw, Katowice"]
[Date "2014-00-00"]
[Round "6.13"]
[White "Dziuba, Marcin"]
[Black "Leniart, Arkadiusz"]
[Result "1-0"]
[WhiteTitle "GM"]
[BlackTitle "IM"]
[WhiteElo "2567"]
[BlackElo "2481"]

1. d4 d5 2. c4 e6 3. Nc3 Nf6 4. Nf3 Nbd7 5. g3 dxc4 6. Bg2 Be7 7. Nd2 Nb6 8. Nxc4
O-O 9. Nxb6 axb6 10. O-O Nd5 11. Bd2 c6 12. a4 Nb4 13. e3 e5 14. dxe5 Nd3 15.
Ne4 Nxe5 16. Bc3 Qc7 17. Qb3 Ra6 18. f4 Be6 19. Qd1 Nc4 20. f5 f6 21. fxe6 Nxe3
22. Qh5 Nxf1 23. Rxf1 Rxa4 24. g4 Qc8 25. Re1 Qe8 26. Qh3 Qg6 27. b3 Ra2 28. Ng3
Qg5 29. Nf5 Bc5+ 30. Kh1 g6 31. Nh6+ Kg7 32. Nf7 Qf4 33. g5 h5 34. gxf6+ Kh7 35.
e7 Re8 36. Qg3 Qxg3 37. hxg3 Rf2 38. Ng5+ Kg8 39. Bh3 1-0

[Event "DRUZYNOWE MISTRZOSTWA POLSKI 2014 - SYGNITY EKSTRALIGA"]
[Site "Gorzow Wlkp, Wroclaw, Katowice"]
[Date "2014-00-00"]
[Round "6.14"]
[White "Kuzmicz, Krystian"]
[Black "Czarnota, Pawel"]
[Result "1/2-1/2"]
[WhiteTitle "IM"]
[BlackTitle "GM"]
[WhiteElo "2457"]
[BlackElo "2529"]

1. g3 d5 2. Bg2 Nf6 3. f4 c5 4. Nf3 g6 5. O-O Bg7 6. d3 O-O 7. Qe1 d4 8. c3 Nc6
9. Na3 Be6 10. Nc2 Rc8 11. h3 Qd7 12. Kh2 Rfd8 13. c4 a6 14. Ng5 b5 15. b3 Qd6
16. Nxe6 Qxe6 17. g4 Qd6 18. Kh1 e6 19. Qh4 Ne7 20. Ne1 Nd7 21. Nf3 f5 22. Bd2
Bf6 23. Qg3 Rb8 24. Rab1 Bg7 25. Qh4 Bf6 26. Qg3 Bg7 27. Qh4 Bf6 28. Qg3 Bg7 29.
Qh4 1/2-1/2

[Event "DRUZYNOWE MISTRZOSTWA POLSKI 2014 - SYGNITY EKSTRALIGA"]
[Site "Gorzow Wlkp, Wroclaw, Katowice"]
[Date "2014-00-00"]
[Round "6.15"]
[White "Hera, Imre Jr."]
[Black "Shkapenko, Pavel"]
[Result "1-0"]
[WhiteTitle "GM"]
[BlackTitle "IM"]
[WhiteElo "2576"]
[BlackElo "2420"]

1. c4 Nf6 2. Nf3 e6 3. g3 a6 4. Bg2 b5 5. b3 c5 6. O-O Bb7 7. Nc3 Qb6 8. e3 Be7
9. d4 cxd4 10. exd4 bxc4 11. bxc4 Qc7 12. Rb1 O-O 13. Bf4 d6 14. d5 exd5 15. c5
Ra7 16. Nd4 Qxc5 17. Nf5 Qc7 18. Re1 Nc6 19. Nxd5 Nxd5 20. Qxd5 Ba8 21. Rbc1 Qd8
22. Rxc6 Bxc6 23. Qd4 Bf6 24. Qxa7 Qa5 25. Ne7+ Kh8 26. Rc1 Bxg2 27. Kxg2 Qxa2
28. Bxd6 Qb2 29. Qc7 Re8 30. Qc8 Qb5 31. Rc6 1-0

[Event "DRUZYNOWE MISTRZOSTWA POLSKI 2014 - SYGNITY EKSTRALIGA"]
[Site "Gorzow Wlkp, Wroclaw, Katowice"]
[Date "2014-00-00"]
[Round "6.16"]
[White "Bartel, Michal"]
[Black "Kukula, Pawel"]
[Result "1/2-1/2"]
[WhiteTitle "FM"]
[BlackTitle "k+"]
[WhiteElo "2325"]
[BlackElo "2266"]

1. g3 d5 2. Bg2 c6 3. f4 Nf6 4. Nf3 g6 5. O-O Bg7 6. c3 O-O 7. d3 Nbd7 8. Kh1 Qb6
9. Qb3 Re8 10. d4 Ne4 11. Be3 Qa6 12. Qd1 Qb6 13. Qb3 Qa6 14. Re1 Ndf6 15. Ne5
Ng4 16. Nxg4 Bxg4 17. Bf3 Bxf3+ 18. exf3 Nd6 19. Nd2 e6 20. Kg2 Nc4 21. Nf1 Nxe3+
22. Nxe3 b6 23. Rad1 c5 24. Nc2 Rac8 25. a3 Rc7 26. Qa2 Rec8 27. Qb1 Qa4 28. Re2
Qb5 29. Ree1 a5 30. g4 Qd7 31. Re2 Qd6 32. f5 exf5 33. gxf5 Qd7 34. dxc5 bxc5
35. Ne3 d4 36. Nc4 Rd8 37. fxg6 hxg6 38. Qd3 dxc3 39. Qxd7 Rcxd7 40. Rxd7 Rxd7
41. bxc3 Bxc3 42. Re3 Bd2 43. Re5 Rd3 44. Rxc5 Rc3 45. a4 Bf4 46. Rc6 Rc2+ 47.
Kf1 Ra2 48. Nxa5 Rxa4 49. Nb3 Bxh2 50. Rc2 Bf4 51. Kf2 Rb4 52. Nd2 f5 53. Nc4
Kg7 54. Ne3 Rd4 55. Ra2 Rd7 56. Ng2 Be5 57. Ke2 g5 58. Ne3 Kg6 59. Ra6+ Rd6 60.
Rxd6+ Bxd6 61. Kd3 Bc5 62. Ng2 Kh5 63. Kc4 Bb6 64. Kd3 Kg6 65. Kc4 Kf6 66. Kd5
Bf2 67. Kd6 g4 68. f4 Ba7 69. Kd5 Bb8 70. Kd4 Ke6 71. Ke3 Ba7+ 72. Kd3 Bb6 73.
Kc4 Bf2 74. Kc3 Kf6 75. Kc4 Ke6 76. Kc3 Kd6 77. Kc4 Kc6 78. Kc3 Kc5 79. Kd3 Kd5
80. Ke2 Bb6 81. Kd3 Bc5 82. Nh4 Ke6 83. Ke2 Be7 84. Ng2 Bf6 85. Kd3 Bd8 86. Ke2
Kf6 87. Nh4 Be7 88. Ke3 Ba3 89. Kd2 Ke6 90. Kd3 Bc1 91. Ng2 Kd5 92. Nh4 Ke6 93.
Ng2 Kf6 94. Ke2 Ke6 95. Kd3 Kd5 96. Nh4 Bxf4 97. Nxf5 Ke5 98. Nh4 Bh6 99. Ke2
Kf4 100. Kf2 g3+ 101. Kg2 Kg4 102. Nf5 Kh5 103. Nxh6 Kxh6 104. Kxg3 1/2-1/2

[Event "DRUZYNOWE MISTRZOSTWA POLSKI 2014 - SYGNITY EKSTRALIGA"]
[Site "Gorzow Wlkp, Wroclaw, Katowice"]
[Date "2014-00-00"]
[Round "6.17"]
[White "Pacuszka, Tomasz"]
[Black "Barwinski, Dionizy"]
[Result "1-0"]
[WhiteTitle "FM"]
[BlackTitle "FM"]
[WhiteElo "2264"]
[BlackElo "2081"]

1. g3 e5 2. Bg2 d5 3. d3 c6 4. Nf3 Bd6 5. e4 Nf6 6. Nbd2 O-O 7. O-O Bg4 8. h3 Be6
9. Qe2 Nbd7 10. Ng5 h6 11. Nxe6 fxe6 12. b3 Qe8 13. Bb2 Qg6 14. a4 Rf7 15. Ba3
Bxa3 16. Rxa3 Raf8 17. b4 Ne8 18. c4 Nef6 19. a5 Rd8 20. Kh2 Nb8 21. Qe3 d4 22.
Qe2 Na6 23. Rb3 Rdf8 24. c5 Ne8 25. Nc4 Qf6 26. Qg4 g5 27. Rb2 Rg7 28. Rh1 Rg6
29. Rf1 Qg7 30. Qd1 Qc7 31. Kg1 Kh7 32. Bf3 Nf6 33. Nd6 Qe7 34. Qc1 Nc7 35. Nxb7
g4 36. hxg4 Nxg4 37. Bxg4 Rxg4 38. Nd6 Rfg8 39. Kg2 1-0

[Event "DRUZYNOWE MISTRZOSTWA POLSKI 2014 - SYGNITY EKSTRALIGA"]
[Site "Gorzow Wlkp, Wroclaw, Katowice"]
[Date "2014-00-00"]
[Round "6.18"]
[White "Gasik, Anna"]
[Black "Czarnota, Dorota"]
[Result "1-0"]
[WhiteTitle "WIM"]
[BlackTitle "WIM"]
[WhiteElo "2233"]
[BlackElo "2208"]

1. e4 c6 2. d4 d5 3. e5 Bf5 4. h4 h5 5. Bg5 Qb6 6. Bd3 Bxd3 7. Qxd3 e6 8. Ne2 Nd7
9. O-O Be7 10. c4 dxc4 11. Qxc4 Qxb2 12. Nbc3 Nb6 13. Qd3 Qa3 14. Qg3 Bxg5 15.
Qxg5 Kf8 16. Ne4 Qe7 17. a4 Nd5 18. a5 f6 19. exf6 gxf6 20. Qc1 Rc8 21. Nf4 Nxf4
22. Qxf4 Rd8 23. Rad1 Rh6 24. Rfe1 Rg6 25. Qf3 Nh6 26. Nc5 f5 27. Qxh5 Qf7 28.
Qe2 Re8 29. f3 Qg8 30. h5 Rg5 31. Rd2 Rxh5 32. Nxe6+ Kf7 33. Qe5 a6 34. Nd8+ Rxd8
1-0

[Event "DRUZYNOWE MISTRZOSTWA POLSKI 2014 - SYGNITY EKSTRALIGA"]
[Site "Gorzow Wlkp, Wroclaw, Katowice"]
[Date "2014-00-00"]
[Round "6.19"]
[White "Klekowski, Maciej"]
[Black "Kolosowski, Mateusz"]
[Result "1-0"]
[WhiteTitle "m"]
[BlackTitle "IM"]
[WhiteElo "2425"]
[BlackElo "2471"]

1. c4 e6 2. g3 Nf6 3. Nf3 d5 4. Bg2 dxc4 5. Qa4+ Nbd7 6. Qxc4 a6 7. Qc2 c5 8. O-O
b5 9. a4 Bb7 10. Nc3 Qb6 11. axb5 axb5 12. Rxa8+ Bxa8 13. d3 Be7 14. Be3 O-O 15.
h3 Rc8 16. Ra1 Bc6 17. Ne1 e5 18. Bxc6 Qxc6 19. Ra5 b4 20. Nb1 Qe6 21. Kh2 Nd5
22. Ng2 f5 23. Bc1 e4 24. dxe4 fxe4 25. Nd2 N7f6 26. Qc4 Bd6 27. Ra6 Re8 28. Nf1
Nc7 29. Qxe6+ Rxe6 30. Ra5 Nfd5 31. Nge3 Bf8 32. Nc4 Nb6 33. Nfe3 Ncd5 34. Ra6
Rf6 35. Nxd5 Nxd5 36. Rxf6 Nxf6 37. g4 Kf7 38. Kg3 Ke6 39. Kf4 Kd5 40. b3 Be7
41. Bb2 Ne8 42. Ne3+ Ke6 43. Kxe4 Bf6 44. Bxf6 Nxf6+ 45. Kd3 Ke5 46. Nc4+ Ke6
47. f4 Nd5 48. e3 h6 49. Nd2 Kd6 50. h4 Ne7 51. Kc4 Nd5 52. Ne4+ Kc6 53. Kd3 Ne7
54. h5 Kd5 55. Ng3 Ke6 56. e4 Kf6 57. Kc4 g5 58. hxg6 Nxg6 59. Nh5+ 1-0

[Event "DRUZYNOWE MISTRZOSTWA POLSKI 2014 - SYGNITY EKSTRALIGA"]
[Site "Gorzow Wlkp, Wroclaw, Katowice"]
[Date "2014-00-00"]
[Round "6.20"]
[White "Kolago, Marcin"]
[Black "Matuszewski, Michal"]
[Result "0-1"]
[WhiteTitle "m"]
[BlackTitle "IM"]
[WhiteElo "2338"]
[BlackElo "2450"]

1. e4 c5 2. Nc3 a6 3. g3 b5 4. Bg2 Bb7 5. d3 e6 6. Nh3 Nf6 7. O-O d6 8. Nf4 Nc6
9. Be3 Be7 10. h3 Qd7 11. a3 O-O 12. Rb1 Rac8 13. Qd2 Nd4 14. Na2 e5 15. Bxd4
cxd4 16. Nd5 Nxd5 17. exd5 Bd8 18. Nb4 Ba5 19. Rbc1 f5 20. f4 Rce8 21. Qf2 Qd8
22. Kh2 Bxb4 23. axb4 Qa8 24. Qf3 exf4 25. Qxf4 Bxd5 26. Bxd5+ Qxd5 27. Rf2 Rf6
28. Rcf1 h6 29. h4 Re3 30. h5 Qe5 31. Qxe5 dxe5 32. Rxf5 Re2+ 33. Kh3 Rxf5 34.
Rxf5 Rxc2 35. Rxe5 Rxb2 36. Re6 Rxb4 37. Rxa6 Rb3 38. Rb6 Kf7 39. Kg4 Rxd3 40.
Rxb5 Ke6 41. Kf4 Re3 42. Rb6+ Kd5 43. Rb7 Re6 44. Kf3 g5 45. hxg6 Rxg6 46. Ke2
Rxg3 47. Rd7+ Ke5 48. Re7+ Kd6 49. Re4 Kd5 50. Rh4 Kc4 51. Rxh6 Rg2+ 52. Ke1 Kc3
53. Rc6+ Kd3 54. Ra6 Rg1+ 55. Kf2 Rc1 56. Ra3+ Kd2 57. Ra4 d3 58. Ra2+ Rc2 59.
Ra3 Rb2 60. Ra1 Kc3+ 61. Ke1 Kc2 62. Kf2 Rb8 63. Ra2+ Kb3 64. Ra7 Re8 65. Rd7
Kc2 66. Ra7 d2 67. Ra2+ Kc1 0-1

[Event "DRUZYNOWE MISTRZOSTWA POLSKI 2014 - SYGNITY EKSTRALIGA"]
[Site "Gorzow Wlkp, Wroclaw, Katowice"]
[Date "2014-00-00"]
[Round "6.21"]
[White "Mikrut, Dariusz"]
[Black "Mulet, Piotr"]
[Result "1-0"]
[WhiteTitle "IM"]
[BlackTitle "FM"]
[WhiteElo "2363"]
[BlackElo "2227"]

1. Nf3 c5 2. e4 d6 3. c3 Nf6 4. h3 Nc6 5. Bd3 g6 6. Bc2 Bg7 7. d4 cxd4 8. cxd4
O-O 9. Nc3 a6 10. O-O b5 11. e5 Ne8 12. Bg5 Bb7 13. Re1 d5 14. Qd2 Nc7 15. Rac1
Rc8 16. Bb1 Ne6 17. Bh4 Re8 18. Rcd1 Qd7 19. Bg3 Red8 20. h4 h5 21. Ne2 Nf8 22.
Bf4 Qe8 23. Bh6 Rc7 24. Bxg7 Kxg7 25. Nf4 Bc8 26. Ng5 e6 27. Re3 Nxd4 28. Rg3
Nf5 29. Bxf5 exf5 30. Nxh5+ Kh8 31. Ne4 Nh7 32. Nef6 Qf8 33. Nxh7 Kxh7 34. Nf6+
Kg7 35. h5 Rc4 36. hxg6 fxg6 37. Qg5 1-0